Epica helena post-homérica : Teogonía, Homero, Trabajos y días, Agón y fragmentos ; Himnos, epigramas homéricos y fragmentos ; Los argonautas /
Gardado en:
| Autor Principal: | |
|---|---|
| Outros autores: | , , |
| Formato: | Libro |
| Idioma: | Lingua castelá |
| Publicado: |
México :
Jus,
1963, c1963
|
| Etiquetas: |
Sen Etiquetas, Sexa o primeiro en etiquetar este rexistro!
|
MARC
| LEADER | 00000nam^a2200000^a^4500 | ||
|---|---|---|---|
| 001 | 000619363 | ||
| 005 | 20250822000000.0 | ||
| 009 | 20260310133818.45 | ||
| 037 | |a Acervo ITESO - Biblioteca | ||
| 041 | |a ESP | ||
| 091 | |a FOB. 01020 | ||
| 100 | |a Hesíodo |e (autor) | ||
| 245 | 1 | 0 | |a Epica helena post-homérica : |b Teogonía, Homero, Trabajos y días, Agón y fragmentos ; Himnos, epigramas homéricos y fragmentos ; Los argonautas / |
| 264 | 4 | |a México : |b Jus, |c 1963, c1963 | |
| 300 | |a 477 p. | ||
| 336 | |a texto |b txt |2 rdacontenido | ||
| 337 | |a sin mediación |b n |2 rdamedio | ||
| 338 | |a volumen |b nc |2 rdasoporte | ||
| 649 | |a XX | ||
| 700 | |a Homero |e (atribución) | ||
| 700 | |a Apolonio, de Rodas |e (autor) | ||
| 700 | |a Ramírez Torres, Rafael |e (traducción) | ||
| 910 | |a Fondo Carlos de Obeso Orendain | ||
| 920 | |a Impresos - Libros | ||
| 930 | |a Fondos Especiales | ||
| 940 | |a Literatura | ||
| 905 | |a 147 | ||
| 901 | |a 619363-10 |b IT2 |c ESP |i D88380 |u 20250822 | ||
| 902 | |a https://opac.biblio.iteso.mx/vufind/Record/000619363 | ||